| 000 | 00681nam a2200217 a 4500 | ||
|---|---|---|---|
| 001 | 6783 | ||
| 003 | CO-ViMGA | ||
| 008 | 141112s2004 ck r 000 u spa d | ||
| 040 |
_aCO-ViMGA _bspa _cCO-ViMGA |
||
| 082 | 0 | 4 | _a465 B178 |
| 100 | 1 |
_aBasulto, Hilda _95724 |
|
| 245 | 1 | 0 | _aMensaje idiomáticos |
| 260 |
_aMexico : _bTrillas, _c1996 |
||
| 300 | _a4 v | ||
| 500 | _aSolicitar el ejemplar de la tabla de contenido. | ||
| 505 | _aVOL.(1), Atención al vocabulario VOL.(2), Aplique la gramática VOL.(3), Cuide su ortografía VOL.(4), Mejore su redacción | ||
| 650 | 1 | 4 |
_aESPAÑOL - GRAMATICA _96182 |
| 650 | 1 | 4 |
_aORTOGRAFIA _96186 |
| 650 | 1 | 4 | _aREDACCION |
| 942 |
_2ddc _cBK |
||
| 999 |
_c18752 _d18752 |
||